| 000 | 00576nam a2200193 a 4500 | ||
|---|---|---|---|
| 008 | |||
| 049 | _aMAIN | ||
| 090 | _aQA862.G9 | ||
| 100 | 1 | 0 | _aRichardson, Kenneth Ian Trevor. |
| 245 | 1 | 4 |
_aThe gyroscope applied/ _cK.I.T.Richardson |
| 260 | 0 |
_aLondon, _aNew York: _bHutchinson's Scientific and Technical Publications, _c[1954] |
|
| 300 |
_a384 p. : _bill. ; _c24 cm. |
||
| 650 | 0 | _aGyroscopes. | |
| 907 |
_a.b1016277x _b05-01-06 _c10-05-05 |
||
| 003 | |||
| 005 | 20230123134008.0 | ||
| 040 | _cNUST | ||
| 942 |
_cBOOKS _kQA862.G9 |
||
| 999 |
_c158215 _d158215 |
||